Lose Yourself - Eminem - All Lyrics - Statistics

General Stats
  • This quiz has been taken 1,817 times
  • The average score is 555 of 796
Answer Stats
Answer % Correct
I
98%
Yo
98%
yo,
98%
yo
98%
on
97%
on,
97%
you
97%
You
97%
you,
97%
a
96%
A
96%
mo',
95%
Mom,
95%
the
95%
The
95%
nine-to-five,
94%
one
94%
to
94%
to,
94%
da-da-dom,
93%
da-dom,
93%
dah-dah,
93%
dah-dah
93%
go
93%
(Go)
93%
go,
93%
ope
93%
Ope
93%
schmoe
93%
he
92%
He
92%
it,
92%
it
92%
who
92%
in
91%
shot
91%
shot,
91%
do
90%
let
90%
no,
90%
no
90%
No
90%
moment
89%
moment,
89%
are
88%
His
88%
his
88%
opportunity
88%
spaghetti
88%
your
88%
and
87%
And
87%
we
87%
but
86%
But
86%
come
86%
ever
85%
lose
85%
mom's
85%
when
85%
He’s
84%
he's
84%
hoes
84%
if
84%
Look,
84%
so
84%
So
84%
there
84%
be
83%
for
83%
goes
83%
only
83%
or
83%
yourself
83%
arms
82%
had
82%
heavy
82%
sweater
82%
won't
82%
won’t
82%
already,
81%
blaow
81%
get
81%
out
81%
out,
81%
ready
81%
vomit
81%
what
81%
back
80%
calm
80%
knees
80%
nervous,
80%
only
80%
sweaty,
80%
weak,
80%
beat
79%
music
79%
palms
79%
this
79%
This
79%
want
79%
chance
78%
down,
78%
life
78%
looks
78%
up,
78%
up
78%
words
78%
crowd
77%
keeps
77%
loud
77%
now
77%
There’s
77%
there's
77%
Would
77%
Better
76%
better
76%
better…
76%
drop
76%
forgetting
76%
just
76%
never
76%
not
76%
reality,
76%
surface
76%
lifetime,
75%
that
75%
wrote
75%
choking,
74%
everything
74%
gravity
74%
mouth,
74%
wanted
74%
whole
74%
blow
73%
bombs
73%
miss
73%
once
73%
give
72%
opens
72%
over,
72%
over
72%
slip?
72%
time's
72%
times
72%
capture
71%
comes
71%
me
71%
Snap
71%
have
68%
own
68%
seize
67%
Everybody's
66%
how?
66%
run
65%
is
64%
clock's
63%
knows
62%
knows,
62%
mad
62%
got
61%
easy,
60%
joking
60%
home,
58%
home
58%
it’s
58%
it's
58%
don't
57%
Rabbit,
55%
again,
50%
lab
50%
all
48%
All
48%
mobile
48%
can
47%
daughter
46%
make
46%
world
46%
my
45%
Tear
45%
that's
45%
these
45%
These
45%
stagnant
44%
teeter-totter
44%
As
43%
as
43%
hard,
43%
move
43%
grow
42%
her,
42%
him,
42%
him
42%
king
42%
of
42%
father
41%
new
41%
barely
39%
by
39%
harder,
39%
harder
39%
broke,
38%
can't
38%
choked,
38%
order
38%
love
37%
old
37%
old,
37%
hope
36%
mine
36%
cold
35%
here
35%
I'm
35%
I'ma
35%
like
35%
taking,
35%
was
35%
bein'
34%
'cause
34%
gettin'
34%
matter,
34%
off
34%
change
33%
I’ve
33%
I've
33%
more
33%
normal
33%
boring,
32%
even
32%
fail
32%
man,
32%
man
32%
motherfuckin'
32%
next
32%
They
32%
too
32%
dope,
31%
family
31%
grows
31%
hole
31%
may
31%
rhapsody
31%
stage
31%
toward
31%
escaping
30%
right
30%
water
30%
with
30%
been
29%
booed
29%
God
29%
product
29%
ropes,
29%
through
29%
two
29%
back's
28%
close
28%
Baby
27%
beginning,
27%
Best
27%
cannot
27%
from
27%
gaping
27%
mama
27%
mood
27%
option,
27%
soul's
27%
spit
27%
believe
26%
call
26%
changed
26%
dogs
26%
hold
26%
known
26%
Lot
26%
piper
26%
rage
26%
roof
26%
chewed
25%
failure's
25%
kept
25%
mind
25%
playin'
25%
prima
25%
superstardom’s
25%
donna
24%
feed
24%
feet,
24%
games,
24%
inside
24%
jail
24%
pass
24%
plus
24%
provide
24%
Salem's
24%
Success
24%
trailer's
24%
type
24%
diapers
23%
end
23%
fact
23%
Globetrotter,
23%
pain
23%
pied
23%
post-mortem,
23%
between
22%
buy
22%
food
22%
nose,
22%
nose-dove
22%
payin'
22%
somebody's
22%
tryna
22%
amplified
21%
anything
21%
caged
21%
coast-to-coast
21%
cypher
21%
day
21%
drama,
21%
hotter,
21%
moved
21%
much
21%
shows
21%
spot
21%
stay
21%
blows,
20%
goddamn
20%
movie,
20%
seed,
20%
set
20%
snail,
20%
stamps
20%
formulate
19%
plot
19%
rhymin'
19%
wanna
19%
Another
18%
farther
18%
flows
17%
grown
17%
Phifer,
17%
point
17%
sold
17%
Caught
16%
nada,
16%
gotten
15%
opera
15%
partner
15%
suppose
15%
told,
15%
Mekhi
14%
roads
14%
soap
14%
lonely
13%
screamin'
13%
stepped
13%
unfolds,
12%
monotony’s
8%
No matching quizzes found
Score Distribution
Percent of People with Each Score
Percentile by Number Answered
Your Score History
You have not taken this quiz